Central Library OPAC University of Rajshahi

Austrian theories of capital, interest, and the trade-cycle / (Record no. 42784)

MARC details
000 -LEADER
fixed length control field 00818nam a2200265 a 4500
001 - CONTROL NUMBER
control field 42784
003 - CONTROL NUMBER IDENTIFIER
rucl marc code (BD-RjUL)
005 - DATE AND TIME OF LATEST TRANSACTION
control field 20211209053606.0
008 - FIXED-LENGTH DATA ELEMENTS--GENERAL INFORMATION
fixed length control field 790412s1936 enk b 000 0 eng
035 ## - SYSTEM CONTROL NUMBER
System control number (BD-RjUL)42902
040 ## - CATALOGING SOURCE
Original cataloging agency DLC
Transcribing agency AFU
Modifying agency OCL
-- EQO
-- BD-RjUL
Language of cataloging eng
041 ## - LANGUAGE CODE
Language code of text/sound track or separate title eng
082 ## - DEWEY DECIMAL CLASSIFICATION NUMBER
Classification number 330.1
Edition number 23
Author mark and year WIA 1936
100 1# - MAIN ENTRY--PERSONAL NAME
Personal name Wien-Claudi, Franz.
9 (RLIN) 131483
245 10 - TITLE STATEMENT
Title Austrian theories of capital, interest, and the trade-cycle /
Statement of responsibility, etc. by Franz Wien-Claudi ...
260 ## - PUBLICATION, DISTRIBUTION, ETC. (IMPRINT)
Place of publication, distribution, etc. London :
Name of publisher, distributor, etc. S. Nott,
Date of publication, distribution, etc. 1936
300 ## - PHYSICAL DESCRIPTION
Pagination vi, 176 p. ;
Size 22 cm.
504 ## - BIBLIOGRAPHY, ETC. NOTE
Bibliography, etc "Bibliography of the main authors consulted": p. 175-176.
650 #0 - SUBJECT ADDED ENTRY--TOPICAL TERM
Topical term or geographic name as entry element Capital.
9 (RLIN) 131484
Topical term or geographic name as entry element Usury.
9 (RLIN) 131190
Topical term or geographic name as entry element Business cycles.
9 (RLIN) 130599
Topical term or geographic name as entry element Economics
Geographic subdivision Austria
General subdivision History.
9 (RLIN) 131485
942 ## - ADDED ENTRY ELEMENTS (KOHA)
Source of classification or shelving scheme Dewey Decimal Classification
Koha item type Books
Holdings
Lost status Source of classification or shelving scheme Damaged status Not for loan Collection code Permanent Location Current Location Shelving location Date acquired Source of acquisition Cost, normal purchase price Total Checkouts Full call number Date last seen Copy number Koha item type
  Dewey Decimal Classification     Non-fiction Central Library, University of Rajshahi Central Library, University of Rajshahi     A.I. Qurishi 510.00   330.1 WIA 1936 24/07/2016 C-2 Books